Paarformeln in einem deutschen Rechtsbuch aus dem Jahre 1628

Bibliographic Details
Main Author: Piirainen, Ilpo Tapani, 1941-2012 (Author)
Format: Book
Language:German
PhysicalDescription:S. 37-42 21x30 cm
Published: [S.l. s.n. 1997]
Subjects:

MARC

LEADER 00000nam a2200000 a 4500
001 vtls001326104
003 SK-MaSNL
005 20260301065740.0
008 240318s1997 DE 0 ger
020 |c [15,00] 
035 |a SNK000278872 
040 |a SNK  |b slo  |c SNK  |e AACR2 
044 |a DE 
080 |a 803.0  |2 1981 
100 1 |a Piirainen, Ilpo Tapani,  |d 1941-2012  |4 aut  |9 224819 
245 1 0 |a Paarformeln in einem deutschen Rechtsbuch aus dem Jahre 1628  |c Ilpo Tapani Piirainen 
260 |a [S.l.  |b s.n.  |c 1997] 
300 |a S. 37-42  |c 21x30 cm 
500 |a Odtlačok z: Nominationsforschung im Deutschen 
650 0 7 |a nemčina  |x formy párové  |x štúdie  |2 SNK  |9 384954 
999 |c 631839  |d 633769 
952 |t P60, <04>, [BOOK], {604}  |a SNK  |b SNK  |y VYP  |7 0  |p 17A0128462  |o snkOIC 6571  |i snkV 367/98  |0 0  |1 0  |4 0  |d 1998-03-27  |l 0  |r 2005-01-02 00:00:00  |w 2026-02-23